BIHU : ETI SAMIKHYA (Record no. 24744)
[ view plain ]
| 000 -LEADER | |
|---|---|
| fixed length control field | 00382nam a22001577a 4500 |
| 005 - DATE AND TIME OF LATEST TRANSACTION | |
| control field | 20211208140016.0 |
| 008 - FIXED-LENGTH DATA ELEMENTS--GENERAL INFORMATION | |
| fixed length control field | 211208b ||||| |||| 00| 0 eng d |
| 040 ## - CATALOGING SOURCE | |
| Transcribing agency | |
| 082 ## - DEWEY DECIMAL CLASSIFICATION NUMBER | |
| Classification number | 398.8095493 |
| Item number | GOG |
| 100 ## - MAIN ENTRY--PERSONAL NAME | |
| Personal name | GOGOI, DR. LEELA |
| Relator term | AUTHOR |
| 245 ## - TITLE STATEMENT | |
| Title | BIHU : ETI SAMIKHYA |
| Medium | ASM |
| 250 ## - EDITION STATEMENT | |
| Edition statement | 2ND |
| 260 ## - PUBLICATION, DISTRIBUTION, ETC. | |
| Place of publication, distribution, etc. | GHY |
| Name of publisher, distributor, etc. | GRANTHAPEETH |
| Date of publication, distribution, etc. | 1987 |
| 300 ## - PHYSICAL DESCRIPTION | |
| Extent | 122;P |
| Dimensions | 22CM |
| 942 ## - ADDED ENTRY ELEMENTS (KOHA) | |
| Source of classification or shelving scheme | Dewey Decimal Classification |
| Koha item type | Books |
| Withdrawn status | Lost status | Source of classification or shelving scheme | Damaged status | Not for loan | Collection code | Home library | Current library | Shelving location | Date acquired | Full call number | Barcode | Date last seen | Copy number | Price effective from | Koha item type |
|---|---|---|---|---|---|---|---|---|---|---|---|---|---|---|---|
| Dewey Decimal Classification | REFASM | Central Library and Information Centre Sibsagar Girls College | Central Library and Information Centre Sibsagar Girls College | Assamese Culture | 08.01.2018 | 398.8095493 GOG | 43024 | 08.12.2021 | 1 | 08.12.2021 | Books | ||||
| Dewey Decimal Classification | REFASM | Central Library and Information Centre Sibsagar Girls College | Central Library and Information Centre Sibsagar Girls College | Assamese Culture | 08.01.2018 | 398.8095493 GOG | 43025 | 08.12.2021 | 2 | 08.12.2021 | Books | ||||
| Dewey Decimal Classification | REFASM | Central Library and Information Centre Sibsagar Girls College | Central Library and Information Centre Sibsagar Girls College | Assamese Culture | 08.01.2018 | 398.8095493 GOG | 43026 | 08.12.2021 | 3 | 08.12.2021 | Books | ||||
| Dewey Decimal Classification | REFASM | Central Library and Information Centre Sibsagar Girls College | Central Library and Information Centre Sibsagar Girls College | Assamese Culture | 08.01.2018 | 398.8095493 GOG | 43027 | 08.12.2021 | 4 | 08.12.2021 | Books | ||||
| Dewey Decimal Classification | REFASM | Central Library and Information Centre Sibsagar Girls College | Central Library and Information Centre Sibsagar Girls College | Assamese Culture | 08.01.2018 | 398.8095493 GOG | 43028 | 08.12.2021 | 5 | 08.12.2021 | Books |